00485pab a2200157 454500008004000000100002200040245005700062260000900119300001400128362000800142650002800150650003800178650002200216700002200238773006700260180718b2009 xxu||||| |||| 00| 0 eng d aVoith, Richard P. aUrban growth and housing affordability: the conflict c2009 ap.112-31. aNov aHousing - United States aUrban development - United States aUrban development aWachter, Susan M. aAnnals of the American Academy of Political and Social Science